|
|
|
|
| LEADER |
00000nam0a2200000 4500 |
| 001 |
56228 |
| 005 |
20231031053227.0 |
| 010 |
|
|
|a 5845903483
|
| 035 |
|
|
|a (RuTPU)RU\TPU\book\59055
|
| 090 |
|
|
|a 56228
|
| 100 |
|
|
|a 20030925d2002 km y0rusy50 ca
|
| 101 |
1 |
|
|a rus
|
| 102 |
|
|
|a RU
|
| 105 |
|
|
|a a z 001zy
|
| 200 |
1 |
|
|a Сервер Apache 2
|e Библия пользователя
|e пер. с англ.
|f М. Дж. Кабир
|
| 210 |
|
|
|a Москва
|c Вильямс
|d 2002
|
| 215 |
|
|
|a 666 с.
|c ил.
|
| 320 |
|
|
|a Предметный указатель: с. 654-665
|
| 610 |
1 |
|
|a информатика
|
| 610 |
1 |
|
|a Интернет
|
| 610 |
1 |
|
|a Web-узлы
|
| 610 |
1 |
|
|a Web-приложения
|
| 610 |
1 |
|
|a администрирование
|
| 610 |
1 |
|
|a защита
|
| 610 |
1 |
|
|a программные платформы
|
| 610 |
1 |
|
|a серверы
|
| 610 |
1 |
|
|a Apache 2
|
| 610 |
1 |
|
|a использование
|
| 675 |
|
|
|a 681.324
|v 3
|
| 700 |
|
1 |
|a Кабир
|b М. Дж.
|g Моххамед Дж.
|
| 801 |
|
1 |
|a RU
|b 63413507
|c 20030925
|g PSBO
|
| 801 |
|
2 |
|a RU
|b 63413507
|c 20031110
|g PSBO
|
| 942 |
|
|
|c BK
|